00540nam a22001457a 4500082001800000100001800018245004200036260004800078300002100126563000900147880004400156942001200200999001900212952016300231 a891.4393bZAF aZafar, Fayyaz aKhaali hai Jaib-e-Gul /cFayyaz Zafar aIslamabad :bCrystal Printing Press,c2003. a111 p. ;c22 cm. aHBK. 6245-02\raخالی ہے جیبِ گل / 2ddccBK c592758d592758 00102ddc406891_439300000000000_ZAF709584543aCLbCLcLITd2022-12-21eDonated by PPA Publicationsl0o891.4393 ZAFpCL-D-2228r2022-12-21w2022-12-21yBK